A farewell to arms

Tác phẩm đã được dịch ra tiếng Việt với tựa đề: " Giã từ vũ khí "

সংরক্ষণ করুন:
গ্রন্থ-পঞ্জীর বিবরন
প্রধান লেখক: Ernest Hemingway
বিন্যাস: গ্রন্থ
ভাষা:Undetermined
প্রকাশিত: New York Charles Scribner's Sons 1957
বিষয়গুলি:
ট্যাগগুলো: ট্যাগ যুক্ত করুন
কোনো ট্যাগ নেই, প্রথমজন হিসাবে ট্যাগ করুন!
Thư viện lưu trữ: Trung tâm Học liệu Trường Đại học Cần Thơ
LEADER 00646nam a2200193Ia 4500
001 CTU_13698
008 210402s9999 xx 000 0 und d
082 |a 813.52 
082 |b H488f 
100 |a Ernest Hemingway 
245 2 |a A farewell to arms 
245 0 |c Ernest Hemingway 
260 |a New York 
260 |b Charles Scribner's Sons 
260 |c 1957 
520 |a Tác phẩm đã được dịch ra tiếng Việt với tựa đề: " Giã từ vũ khí " 
650 |a american fiction - 20th century 
904 |i Nguyễn Quang Điền, 961212 
980 |a Trung tâm Học liệu Trường Đại học Cần Thơ